Recopilación de las adhesiones en favor del Arzobispo Electo Prebendado Dr. Don Francisco de Paula Taforó, por la gran mayoría de los católicos chilenos tomadas de los diarios de esta capital i de Valparaíso
Uloženo v:
| Hlavní autoři: | , |
|---|---|
| Médium: | Kniha |
| Jazyk: | španělština |
| Vydáno: |
Santiago
Imprenta Gutemberg, calle de Jofré, 42
1882
|
| Vydání: | 1a. ed |
| Témata: | |
| Tagy: |
Přidat tag
Žádné tagy, Buďte první, kdo vytvoří štítek k tomuto záznamu!
|
MARC
| LEADER | 00000nam a2200000 a 4500 | ||
|---|---|---|---|
| 001 | UCJ8420 | ||
| 003 | CL-VaPUC | ||
| 008 | 070124e18820000CL |||||||||||||||||spa|d | ||
| 082 | 0 | 4 | |a 983 |b CON |2 21 |
| 100 | 0 | |a Concha, Melchor |e author |9 517179 | |
| 700 | 0 | |a García Huidobro, Borja et al |e author |9 517180 | |
| 245 | 1 | 0 | |a Recopilación de las adhesiones en favor del Arzobispo Electo Prebendado Dr. Don Francisco de Paula Taforó, por la gran mayoría de los católicos chilenos tomadas de los diarios de esta capital i de Valparaíso |
| 250 | |a 1a. ed | ||
| 300 | |a 94 p | ||
| 942 | |c BK | ||
| 945 | |d 20070124 00:00:00 |a rinostro | ||
| 260 | |a Santiago |b Imprenta Gutemberg, calle de Jofré, 42 |c 1882 | ||
| 600 | 0 | 7 | |a TAFORO, FRANCISCO DE PAULA |2 CL-VaPUC |9 393510 |
| 650 | 0 | |a Historia de Chile |9 265473 | |
| 650 | 0 | |a Iglesia y Estado |9 254995 | |
| 583 | |a last modification |c 20140430 04:50:26 |k Rodrigo Vera | ||
| 999 | |c 324143 |d 324141 | ||
| 952 | |0 0 |1 0 |4 0 |6 983_000000000000000_CON_1882 |7 0 |8 X |9 404080 |a FDOBUD |b FDOBUD |d 2019-11-22 |i 1077619 |o 983 CON 1882 |p 1077619 |r 2019-11-22 |w 2019-11-22 |y BK_X |k BUD | ||